L'Amerique au travail / (Record no. 65173)

MARC details
000 -LEADER
campo de control de longitud fija 00523nam a2200169 i 4500
001 - NÚMERO DE CONTROL
campo de control 65173
003 - IDENTIFICADOR DE NÚMERO DE CONTROL
campo de control ES-MaACL
007 - CAMPO FIJO DE DESCRIPCIÓN FÍSICA--INFORMACIÓN GENERAL
campo de control de longitud fija t|
008 - DATOS DE LONGITUD FIJA--INFORMACIÓN GENERAL
campo de control de longitud fija 040109q1918 fr ||||1| fre d
100 1# - ENTRADA PRINCIPAL--NOMBRE DE PERSONA
Nombre de persona Fraser, John Foster.
9 (RLIN) 52378
245 12 - MENCIÓN DEL TÍTULO
Título L'Amerique au travail /
Mención de responsabilidad, etc. John Foster Fraser ; traduit de l'anglais par Maurice Saville.
250 ## - MENCION DE EDICION
Mención de edición 16eme ed.
260 ## - PUBLICACIÓN, DISTRIBUCIÓN, ETC.
Lugar de publicación, distribución, etc. Paris :
Nombre del editor, distribuidor, etc. Pierre Roger,
Fecha de publicación, distribución, etc. [1918?] (
Lugar de fabricación/manufactura Paris :
Fabricante Ph. Renouard)
300 ## - DESCRIPCIÓN FÍSICA
Extensión 244 p. ;
Dimensiones 21 cm.
700 1# - ENTRADA AGREGADA--NOMBRE PERSONAL
Nombre de persona Saville, Maurice.
9 (RLIN) 104071
852 ## - LOCALIZACIÓN
Ubicación ES-MaACL
Número de control de estantería B-3975
Holdings
Estatus retirado Estado de pérdida Estado de daño No para préstamo Biblioteca de origen Biblioteca actual Ubicación en estantería Fecha de adquisición Fuente de adquisición Total de préstamos Signatura topográfica completa Código de barras Visto por última vez Precio de reemplazo Tipo de ítem Koha
        Biblioteca del Ateneo de Madrid Biblioteca del Ateneo de Madrid Sala Pardo Bazán 17/01/2008     B-3975 1068283 23/02/2023 23/02/2023 Libro impreso